00378nam a2200109Ia 4500008004100000100002300041245008300064245003700147260000900184650001300193856006200206170221s9999 xx 000 0 und d aThouraya B. Dammak aTHE REPERCUSSIONS OF THE 2008 FINANCIAL CRISIS ON THE LABOUR MARKET IN TUNISIA cThouraya B. Dammak, Kamel Helali c2012 xBusiness uhttp://escijournals.net/index.php/JBF/article/view/33/134